000 00465nam a2200181Ia 4500
001 10424
005 20260306161831.0
008 260306t1989||||xx |||||||||||||| ||spa||
041 _aESP
082 _a928
_bG96
100 _aGutiérrez Palacio, Javier
_eAUT
245 0 _aEugenio Montes:
_bprosista del 27: estudio crítico y antología
260 _c1989
300 _a326 páginas :
_c24 cm.
650 _aGEN
654 _aCHU
942 _cLIB
_dJUS
_fJUS
_2ddc
_n
999 _c10424
_d10424